000 01032cam a2200301 i 4500
001 20709
003 CO-MdFUSB
005 20161126113045.0
008 161101t1973 xxu||||f |||| 00| 0 eng d
020 _a0-8006-0170-X
040 _aCO-MdFUSB
_bEspañol
_cCO-MdFUSB
_dCO-MdFUSB
_erda
041 _aeng
082 _224
_aR 220.66
_bN532le
100 1 _aDoty, William G.
_eautor
245 0 0 _aLetters in primitive Christianity
_c / William G. Doty
_b:
264 1 _aPhiladelphia, Pennsylvania :
_bFortress Press,
_c℗[1973]
264 4 _c©1973
300 _axi, 84 páginas
_b:
_c;
336 _2rdacontent
_a1
_ba1
337 _2rdamedia
_a2
_b5
338 _2rdacarrier
_a2
_b5
490 _aGuides to Biblical Scholarship
501 _aRústico
505 0 0 _aLiteratura epistolar en el helenismo - Las cartas paulinas - Formas en las epístolas del Nuevo Testamento - Cartas cristianas antiguas
630 7 _aBiblia.
_pEpístolas Paulinas
_xCrítica, interpretación, etc.
942 _cREF
999 _c47060
_d47060